| 000 | 01269nkm a2200289 i 4500 | ||
|---|---|---|---|
| 001 | 3513 | ||
| 003 | ES-MaACL | ||
| 005 | 20250713062737.0 | ||
| 007 | khrbo | ||
| 008 | 051107s1985 sp --- g |001||spa d | ||
| 100 | 0 |
_aAlfonso, _d1902-1990 _919858 |
|
| 245 | 1 | 0 |
_aLectura dramatizada de "Tiempo muertos" de Jerónimo López Mozo [ _hFotografía] / _cAlfonso (sello). |
| 260 |
_a[S.l. : _bs.n.], _c1985. |
||
| 300 |
_a4 fot. : _bb. y n. ; _c12 x 18 cm. |
||
| 500 | _aDatos basados en invitación. | ||
| 511 | 0 | _aIntervienen: Casandra Valverde, Antonio Joven, Adelardo Ventura. | |
| 518 | _aActo organizado por la Sección de Teatro del Ateneo de Madid en colaboración con la librería de teatro "La Avispa", celebrado en el salón de actos el viernes, 25 de octubre de 1985, a las 20:00 h. | ||
| 600 | 1 | 4 |
_aValverde, Casandra. _9113004 |
| 600 | 1 | 4 |
_aJoven, Antonio. _967055 |
| 600 | 1 | 4 |
_aVentura, Adelardo. _9113916 |
| 610 | 2 | 4 |
_aAteneo de Madrid- _xActos culturales- _y1985- _vFotografías. _91900 |
| 710 | 2 |
_aAteneo de Madrid. _bSección de Teatro. _92010 |
|
| 710 | 2 |
_aLa Avispa (Madrid) _95450 |
|
| 852 |
_aES-MaACL _jFOT 77/1985 |
||
| 856 | 4 |
_uhttp://www.ateneodemadrid.net/biblioteca_digital/imagenes/1985/0076-1985.jpg _zVer imagen |
|
| 999 |
_c3513 _d3513 |
||